Blancanieves y los siete enanitos / (Registro nro. 8962)

Detalles MARC
000 -LIDER
fixed length control field 00756nam a22002537a 4500
001 - NÚMERO DE CONTROL
Identificador de número de control 0161
003 - IDENTIFICACDOR DE NÚMERO DE CONTROL
control field DO-SdBPM
005 - DATE AND TIME OF LATEST TRANSACTION
control field 20250521094148.0
007 - CAMPOS FIJOS DE DESCRIPCIÓN FÍSICA
fixed length control field 0161
008 - ELEMENTOS DE LONGITUD FIJA
fixed length control field 151005b1996 sp a 00| 0 spa d
020 ## - ISBN
International Standard Book Number 8440219784
040 ## - FUENTE DE CATALOGACIÓN
Agencia que crea de manera original el registro DO-SdBPM
Idioma de catalogación spa
Agencia que realiza la transcripción BPMSU
082 #4 - NÚMERO DE CLASIFICACIÓN DECIMAL DE DEWEY
Classification number 808.83
Item number B638s 1996
Edition number 22
245 00 - MENCIÓN DE TITULO
Título Blancanieves y los siete enanitos /
Mención de responsabilidad coordinación M. Luz Martín
260 ## - PUBLICACIÓN, DISTRIBUCIÓN, ETC. (PIE DE IMPRENTA)
Lugar de publicación, distribución, etc Barcelona :
Nombre del editor, distribuidor, etc. Ediciones Orbis,
Fecha de publicación, distribución, etc 1996.
300 ## - DESCRIPCIÓN FÍSICA
Extensión 26 p. :
Otros detalles físicos il. ;
Dimensiones 27 cm.
490 0# - MENCIÓN DE SERIES
Mención de serie Cuentos universales
590 ## - NOTA LOCAL
Texto de la nota local Inventariado, 2025/VM
650 #4 - ENCABEZAMIENTO DE MATERIA--TEMÁTICO
Término temático o nombre geográfico como elemento de entrada Cuentos infantiles
Subdivisión de forma Colecciones
650 #4 - ENCABEZAMIENTO DE MATERIA--TEMÁTICO
Término temático o nombre geográfico como elemento de entrada Princesas
Subdivisión de forma cuentos infantiles
700 1# - ASIENTO SECUNDARIO -- NOMBRE PERSONAL
Nombre personal Martín, M. Luz
Mención de responsabilidad coordinadora
910 ## - VALIDACIÓN
Validación VMateo V. Control de calidad. BPMSU
942 ## - ADDED ENTRY ELEMENTS (KOHA)
Source of classification or shelving scheme Dewey Decimal Classification
Koha item type Libros
Existencias
Withdrawn status Lost status Source of classification or shelving scheme Damaged status Not for loan Collection code Home library Current library Date acquired Source of acquisition Total Checkouts Full call number Barcode Date last seen Price effective from Koha item type
    Dewey Decimal Classification     Colección Infantil General Biblioteca Pública Metropolitana Salomé Ureña Biblioteca Pública Metropolitana Salomé Ureña 11/30/2015 FUNDI   BPMSU CGI 808.83 B638s 1996 BPMSU15110547 11/30/2015 11/30/2015 Libros